Anak teruna Makcik Rahimah

Bibliographic Details
Main Author: Sakeena
Format: Book
Language:Malay
Published: Bandar Baru Bangi : Jemari Seni , 2013
Subjects:

MARC

LEADER 00000cam a2200000 7i4500
001 0000025502
005 20140722.0
008 160714 my # may
020 |a 9789670508245 ,   |c RM20.00 
040 |a INS 
090 0 0 |a PL5186   |b S25 2013 
100 1 |a Sakeena 
245 1 0 |a Anak teruna Makcik Rahimah   |c Sakeena 
260 |a Bandar Baru Bangi :   |b Jemari Seni ,   |c 2013 
300 |a 489ms ;   |c 18cm. 
650 0 |a Malayfiction 
999 |a 1000001838   |b BOOK   |c Open Shelf   |e Default branch